000
00267nam a2200097Ia 4500
001
698739
005
20250826162057.0
008
250824s9999 xx 000 0 und d
245
0
_a
NOTRE DAME IN KAMBURU (ANTİK YENİ)
_c
VICTOR HUGO
260
_b
ANTİK DÜNYA KLASİKLERİ
999
_c
698739
_d
698739